000 01466namaa22003251i 4500
003 EG-GICUC
005 20260505121122.0
008 260505s1993 ua ||||jr|||| 000 0 ara d
040 _aEG-GiCUC
_bara
_cEG-GiCUC
_dEG-GiCUC
_erda
082 0 4 _221
_a258.3092
_bK1962
092 0 4 _221
_a258.3092
_bK1962
099 _a258.3092 K1962 1993
100 1 _aابن كثير، اسماعيل ابن عمر
_d1301-1373
_eمؤلف.
245 1 _aطبقات الفقهاء الشافعيين /
_cلابن كثير الدمشقى ؛ تحقيق وتعليق وتقديم الدكتور أحمد عمر هاشم، الدكتور محمد زينهم عزب
264 _aالقاهرة (مصر) :
_bمكتبة الثقافة الدينية،
_c[1993]
300 _a؛ 3 مجلدات
_b.
_c25 سم
336 _2rdacontent
_atext
337 _2rdamedia
_aUnmediated
338 _2rdacarrier
_avolume
500 _aالمجلد الثالث بعنوان ذيل طبقات الفقهاء الشافعيين / للعبادى
504 _aيشتمل على ارجاعات ببليوجرافية وهوامش
541 _aد. جابر عصفور ؛
_bالقاهرة ؛
_cإهداء ؛
_d2024.
650 1 7 _aالفقه الشافعى
_vتراجم
_2qrmak
650 1 7 _aالفقهاء
_vتراجم
_2qrmak
651 1 _2qrmak
700 1 _aهاشم، أحمد عمر
_eمحقق.
700 1 _aعزب، محمد زينهم
_eمحقق.
905 _aHuda
942 _2ddc
_cBK
_e21
_n0
999 _c179983
_d179983